01350 a2200241 4500003000500000005001700005010001600022020002400038040000900062082001700071245003900088260004600127300004600173505038200219650003600601650002600637700003600663942001200699999001900711952012600730952012600856952012600982Nust20230310110145.0 a 80024846 a0913232602 (pbk.) : cNust00a372.4144,WOR00aWords /cedited by Mark Soppeland. aLos Altos, Calif. :bW. Kaufmann,cc1980. avi, 146 p. :bchiefly ill. ;c17 x 25 cm. aWords about Words: Their Nature and Manipulation (Page-1), Words that Characterize The Status of Things (Page-19), Words of Substance: the Material World (Page-43), World in our Midst: Food, Clothing, and Every day Object (Page-61) Words that Live: Plants, Animals and People (Page-79), Words of Action and Changes (Page-99), A grab Bag of Words : Morning to Night (Page-125).  0aDecoration and ornament.932790 0aWords in art.91101361 aSoppeland, Mark,d1952-9110137 2ddccBK c185870d185870 00102ddc4070aMCSbMCScGENd2016-12-12o745.4144,WORpMCS20643r2016-12-08w2016-12-12yBKzAlmirah No.81, Shelf No.5 00102ddc4070aMCSbMCScGENd2016-12-12o372.4144,WORpMCS20644r2016-12-08w2016-12-12yBKzAlmirah No.74, Shelf No.3 00102ddc4070aMCSbMCScGENd2016-12-12o372.4144,WORpMCS20645r2016-12-08w2016-12-12yBKzAlmirah No.74, Shelf No.3